| 000 | 00883nam a22002177a 4500 | ||
|---|---|---|---|
| 999 |
_c15571 _d15571 |
||
| 003 | AR-CdUCM | ||
| 008 | 190429b ||||| |||| 00| 0 spa d | ||
| 040 |
_aMUNICIPALIDAD PROVINCIAL DEL CUSCO _cBIBLIOTECA MUNICIPAL DEL CUSCO |
||
| 082 |
_22ed. _aC / 329.61 / _bG96 |
||
| 100 |
_aGutierrez L., Julio G. _934681 |
||
| 245 | _aAsí nació el Cuzco rojo / | ||
| 260 |
_aCuzco : _bHumbolt, _c1987. |
||
| 300 |
_a344 paginas ; _bIlustraciones, _c20 cm. |
||
| 505 | _aContenido : De la universidad popular a la reforma universitaria -- El grupo Kuntur -- De los grupos al partido -- Paréntesis aprista -- La edificación del partido... | ||
| 650 |
_aCuzco rojo _934682 |
||
| 650 |
_aAgitación y propaganda _934683 |
||
| 650 |
_aUnidad clasista _934684 |
||
| 710 |
_aPartido comunista de la República Federal de Alemania _934685 |
||
| 942 |
_2ddc _cLIBROS |
||
| 945 |
_awnts _d2019-04-29 |
||